|
|
|
|
| LEADER |
01067nam a2200289 4500 |
| 001 |
c000109150 |
| 003 |
CARM |
| 005 |
00000000000000.0 |
| 008 |
740823s1974 enkabch b 00100 eng |
| 015 |
|
|
|a GB74-14530
|
| 019 |
1 |
|
|a 337493
|z 40380726
|z 25319386
|5 LACONCORD2021
|
| 020 |
|
|
|a 0563107855
|
| 035 |
|
|
|a (OCoLC)1032616
|5 LACONCORD2021
|
| 043 |
|
|
|a e-ie---
|a e-uk-ni
|
| 050 |
0 |
0 |
|a DA938
|b .S62
|
| 100 |
1 |
|
|a Smith, Howard.
|
| 245 |
1 |
0 |
|a Ireland; some episodes from her past.
|
| 260 |
|
|
|a London,
|b British Broadcasting Corporation,
|c 1974.
|
| 300 |
|
|
|a 136 p.
|b illus. (some col.), facsims. (some col.), maps, ports.
|c 27 cm.
|
| 500 |
|
|
|a Includes index.
|
| 504 |
|
|
|a Bibliography: p. 130-133.
|
| 651 |
|
0 |
|a Ireland
|x Politics and government.
|
| 651 |
|
0 |
|a Northern Ireland
|x Politics and government.
|
| 852 |
8 |
|
|b CARM
|h A2:AK33C0
|i D03115
|p 0108255
|f BK
|
| 082 |
0 |
4 |
|a 941.5
|
| 999 |
f |
f |
|i 03e868b1-8b00-5f31-956b-eebea5894890
|s 642c6d67-96cd-5e99-9203-532fa8e07d06
|
| 952 |
f |
f |
|p Can circulate
|a CAVAL
|b CAVAL
|c CAVAL
|d CARM 1 Store
|e D03115
|f A2:AK33C0
|h Other scheme
|i book
|m 0108255
|